George - Album (Jake Minch) - Statistics

General Stats
  • This quiz has been taken 15 times
    9 since last reset
  • The average score is 9 of 12
Answer Stats
# Title % Correct
11. A Mistake You Only Make Once
100%
5. Dad's Song
100%
6. Unicef
100%
9. Changed Things
75%
4. Fingers and Clothes
75%
10. For Leaving
75%
1. Nostalgia Act
75%
8. Say Uncle
75%
12. Twice
75%
2. Drawing a Tattoo
50%
7. First I Was
50%
3. Fucked Up
50%
No matching quizzes found
Score Distribution
Percent of People with Each Score
Percentile by Number Answered
Your Score History
You have not taken this quiz since the last reset